000 00470ntaaa2200181 4500
003 01
005 20251027202223.0
008 0714s1973 ag 01
040 _aAR-BaBN
_bspa
_cAR-BaBN
_eaacr
_dRIC
082 _a268.0000 M838
100 _aMoreira, Galdino
_920709
245 _aO Cristo vivo
250 _a1 ed.
260 _aRío de Janeiro :
_bConselho evangélico de educaçao religiosa do Brasil,
_c1932
300 _a349 p
650 _aJesucristo
942 _cBK
999 _c17068
_d17068